[Event "Mindsports Open 4th"]
[Site "London"]
[Date "2024.07.21"]
[Round "6.21"]
[White "Karas, Eugenia"]
[Black "Murawski, Jan"]
[Result "0-1"]
[WhiteElo "2173"]
[BlackElo "2121"]
[PlyCount "166"]
[EventDate "2024.07.18"]
[EventType "swiss"]
[EventRounds "9"]
[EventCountry "ENG"]
[SourceTitle "BritBase"]
[Source "John Saunders"]
[SourceDate "2024.08.27"]
[SourceVersion "1"]
[SourceVersionDate "2024.08.27"]
[SourceQuality "1"]

1. d4 Nf6 2. c4 e6 3. Nf3 d5 4. g3 dxc4 5. Qa4+ Nbd7 6. Bg2 a6 7. Nc3 Rb8 8. Qxc4 b5 9. Qd3 Bb7 10. Bf4 Bd6 11. O-O Bxf4 12. gxf4 b4 13. Nb1 O-O 14. Nbd2 c5 15. Rac1 cxd4 16. Nxd4 Bxg2 17. Kxg2 Nd5 18. e3 N7f6 19. Kh1 Qb6 20. Rc6 Qb7 21. Qxa6 Qd7 22. Qc4 Ng4 23. Qc5 Ra8 24. a3 bxa3 25. bxa3 Qd8 26. N2f3 Ra5 27. Qc1 Qa8 28. h3 Ngf6 29. Rg1 Rxa3 30. Qf1 Ne7 31. Qg2 g6 32. Rc7 Nf5 33. Nxf5 exf5 34. Ne5 Ne4 35. Rc2 Ra2 36. Rxa2 Qxa2 37. f3 Qxg2+ 38. Kxg2 Nf6 39. Rc1 Nd5 40. Kf2 Rb8 41. Nd3 Rb3 42. Ke2 Ra3 43. Rc2 Ra1 44. e4 fxe4 45. fxe4 Nf6 46. Kf3 Ra3 47. Ke3 Nh5 48. f5 Kg7 49. fxg6 hxg6 50. Rc7 Nf6 51. Rc4 Nd7 52. Kd4 Nf8 53. Rc3 Ne6+ 54. Kc4 Ra2 55. Ne5 Ra4+ 56. Kd3 Nf4+ 57. Ke3 Nxh3 58. Rc7 Ng5 59. Rc4 Ra3+ 60. Kf4 Ne6+ 61. Kg4 Ra5 62. Nc6 Ra1 63. Nd4 Nf8 64. Nf3 Nd7 65. e5 Nf8 66. Ng5 Rg1+ 67. Kf4 Rf1+ 68. Kg4 Rf5 69. Re4 Nd7 70. Nf3 Nc5 71. Rf4 Rh5 72. Kg3 Ne6 73. Rh4 Rf5 74. Rc4 Kf8 75. Ra4 Nc5 76. Rc4 Nd7 77. Re4 Ke7 78. Nd4 Rh5 79. e6 Nc5 80. Nc6+ Kd6 81. Re5 Rxe5 82. Nxe5 Kxe5 83. e7 Ne4+ 0-1

[Event "Mindsports Open 4th"]
[Site "London"]
[Date "2024.07.21"]
[Round "6.22"]
[White "Govindasamy, Nashlen"]
[Black "Eames, Robert S"]
[Result "0-1"]
[WhiteElo "2081"]
[BlackElo "2148"]
[PlyCount "92"]
[EventDate "2024.07.18"]
[EventType "swiss"]
[EventRounds "9"]
[EventCountry "ENG"]
[SourceTitle "BritBase"]
[Source "John Saunders"]
[SourceDate "2024.08.27"]
[SourceVersion "1"]
[SourceVersionDate "2024.08.27"]
[SourceQuality "1"]

1. d4 Nf6 2. c4 c5 3. d5 b5 4. cxb5 a6 5. f3 axb5 6. e4 Qa5+ 7. Bd2 b4 8. Na3 e6 9. Nc4 Qc7 10. Bg5 d6 11. dxe6 fxe6 12. e5 dxe5 13. Nh3 Be7 14. Bd3 Nc6 15. O-O O-O 16. Qb1 h6 17. Bh4 Ba6 18. Re1 e4 19. fxe4 e5 20. Kh1 Nd4 21. Bg3 Ng4 22. Qc1 b3 23. Qc3 h5 24. Rg1 h4 25. Be1 Bc8 26. a3 Be6 27. Rc1 Kh8 28. Nd2 Ne3 29. Nf1 Nec2 30. Bc4 Bxc4 31. Qxc4 g5 32. Bd2 g4 33. Ng5 Rf2 34. Ne6 Qd6 35. Nxd4 Nxd4 36. Rc3 Raf8 37. Be3 Rxb2 38. Bxd4 exd4 39. Rxb3 Rbf2 40. Rb7 h3 41. gxh3 Qf4 42. Qd3 Rxf1 43. Rxe7 Rxg1+ 44. Kxg1 Qf2+ 45. Kh1 Qe1+ 46. Kg2 Rf2+ 0-1

[Event "Mindsports Open 4th"]
[Site "London"]
[Date "2024.07.21"]
[Round "6.23"]
[White "Rocco, Federico"]
[Black "Wilks, Simon"]
[Result "1-0"]
[WhiteElo "2146"]
[BlackElo "2027"]
[PlyCount "82"]
[EventDate "2024.07.18"]
[EventType "swiss"]
[EventRounds "9"]
[EventCountry "ENG"]
[SourceTitle "BritBase"]
[Source "John Saunders"]
[SourceDate "2024.08.27"]
[SourceVersion "1"]
[SourceVersionDate "2024.08.27"]
[SourceQuality "1"]

1. e4 e6 2. d4 d5 3. Nc3 Nf6 4. e5 Nfd7 5. Nce2 c5 6. c3 Nc6 7. Nf3 cxd4 8. cxd4 f6 9. Nf4 Bb4+ 10. Bd2 Qe7 11. Nd3 Bxd2+ 12. Qxd2 O-O 13. Qc3 fxe5 14. dxe5 d4 15. Nxd4 Ndxe5 16. Nxe5 Nxe5 17. Be2 Ng6 18. O-O e5 19. Nf3 Bd7 20. Rae1 e4 21. Nd2 Bc6 22. Bd3 Nf4 23. Bxe4 Bxe4 24. Nxe4 Qf7 25. b3 Rac8 26. Qg3 Rc6 27. Qe3 Re6 28. Qd2 Qg6 29. Ng3 Ref6 30. Re7 h5 31. f3 Rd6 32. Qb2 h4 33. Ne4 Rc6 34. Qd2 Qh6 35. Kh1 Rfc8 36. Rg1 Rc2 37. Re8+ Kh7 38. Qd1 Qc6 39. Rxc8 Qxc8 40. Qd4 Qf5 41. Nd6 Qg6 1-0

[Event "Mindsports Open 4th"]
[Site "London"]
[Date "2024.07.21"]
[Round "6.24"]
[White "O`Gorman, Alice"]
[Black "Kolani, Arjun"]
[Result "0-1"]
[WhiteElo "2003"]
[BlackElo "2124"]
[PlyCount "76"]
[EventDate "2024.07.18"]
[EventType "swiss"]
[EventRounds "9"]
[EventCountry "ENG"]
[SourceTitle "BritBase"]
[Source "John Saunders"]
[SourceDate "2024.08.27"]
[SourceVersion "1"]
[SourceVersionDate "2024.08.27"]
[SourceQuality "1"]

1. d4 Nf6 2. Nc3 d5 3. Bf4 c5 4. e4 dxe4 5. dxc5 Qa5 6. Qd2 Qxc5 7. O-O-O Nbd7 8. Bb5 a6 9. Bxd7+ Bxd7 10. Nxe4 Qc6 11. Nxf6+ gxf6 12. Nf3 e5 13. Bxe5 fxe5 14. Nxe5 Qh6 15. f4 Be6 16. g4 Be7 17. g5 Qh3 18. Qd4 O-O 19. Rd3 Qf5 20. Qe3 Rfd8 21. h4 Bd6 22. Rhd1 Bc7 23. Kb1 Rxd3 24. Nxd3 Rd8 25. Rg1 Bc4 26. Ne5 Bxe5 27. fxe5 Re8 28. Re1 Qg4 29. b3 Be6 30. Rh1 Bf5 31. Re1 Qxh4 32. Re2 Qh3 33. Qf2 Bg6 34. Kb2 Rc8 35. a3 Qc3+ 36. Kc1 Qa1+ 37. Kd2 Rxc2+ 38. Ke3 Qxe5+ 0-1

[Event "Mindsports Open 4th"]
[Site "London"]
[Date "2024.07.21"]
[Round "6.25"]
[White "Britton, Richard L"]
[Black "Deepak Ambattu, Rithvik"]
[Result "0-1"]
[WhiteElo "2112"]
[BlackElo "1978"]
[PlyCount "66"]
[EventDate "2024.07.18"]
[EventType "swiss"]
[EventRounds "9"]
[EventCountry "ENG"]
[SourceTitle "BritBase"]
[Source "John Saunders"]
[SourceDate "2024.08.27"]
[SourceVersion "1"]
[SourceVersionDate "2024.08.27"]
[SourceQuality "1"]

1. Nf3 Nf6 2. g3 g6 3. Bg2 Bg7 4. O-O O-O 5. d3 d5 6. Nbd2 c5 7. e4 Nc6 8. Re1 e5 9. exd5 Nxd5 10. Nc4 Re8 11. a4 h6 12. c3 Bf5 13. Bf1 Qc7 14. a5 Rad8 15. Nfd2 b5 16. axb6 axb6 17. Qb3 Be6 18. Bg2 Rb8 19. Qb5 Nce7 20. Nf3 f6 21. Ne3 Kh7 22. Nxd5 Bxd5 23. Nd2 Bxg2 24. Kxg2 Qb7+ 25. Kg1 Nd5 26. Nc4 Red8 27. Ne3 Nc7 28. Qc4 Qc6 29. b4 b5 30. Qe4 Qe6 31. Ra7 f5 32. Qf3 Qb6 33. Ra1 cxb4 0-1

[Event "Mindsports Open 4th"]
[Site "London"]
[Date "2024.07.21"]
[Round "6.26"]
[White "Fellowes, Billy"]
[Black "Zhang, Junyi"]
[Result "1/2-1/2"]
[WhiteElo "2063"]
[BlackElo "1957"]
[PlyCount "72"]
[EventDate "2024.07.18"]
[EventType "swiss"]
[EventRounds "9"]
[EventCountry "ENG"]
[SourceTitle "BritBase"]
[Source "John Saunders"]
[SourceDate "2024.08.27"]
[SourceVersion "1"]
[SourceVersionDate "2024.08.27"]
[SourceQuality "1"]

1. d4 Nf6 2. Nc3 d5 3. Bf4 c5 4. e4 Nxe4 5. Nxe4 dxe4 6. dxc5 Qa5+ 7. c3 Qxc5 8. Qa4+ Nc6 9. Qxe4 g6 10. Rd1 Be6 11. Nf3 Bg7 12. Be2 O-O 13. h4 h5 14. Ng5 Bf5 15. Qc4 Qxc4 16. Bxc4 Ne5 17. Bxe5 Bxe5 18. Ke2 Bf6 19. f3 Bxg5 20. hxg5 Rfd8 21. Ke3 Kg7 22. Rhe1 Rac8 23. Bd5 Rd7 24. Be4 Rcd8 25. Rxd7 Rxd7 26. Re2 e6 27. c4 f6 28. gxf6+ Kxf6 29. c5 Bxe4 30. fxe4 Ke5 31. c6 bxc6 32. Rc2 Kd6 33. Rd2+ Ke7 34. Rc2 Kd6 35. Rd2+ Ke7 36. Rc2 Kd6 1/2-1/2

[Event "Mindsports Open 4th"]
[Site "London"]
[Date "2024.07.22"]
[Round "7.1"]
[White "Kovchan, Alexander"]
[Black "Urkedal, Frode Olav Olsen"]
[Result "1/2-1/2"]
[WhiteElo "2455"]
[BlackElo "2551"]
[PlyCount "85"]
[EventDate "2024.07.18"]
[EventType "swiss"]
[EventRounds "9"]
[EventCountry "ENG"]
[SourceTitle "BritBase"]
[Source "John Saunders"]
[SourceDate "2024.08.27"]
[SourceVersion "1"]
[SourceVersionDate "2024.08.27"]
[SourceQuality "1"]

1. e4 e5 2. Nf3 Nc6 3. Nc3 Nf6 4. d4 exd4 5. Nxd4 Bb4 6. Nxc6 bxc6 7. Bd3 d5 8. exd5 O-O 9. O-O cxd5 10. h3 c6 11. Qf3 Re8 12. Bg5 h6 13. Bxf6 Qxf6 14. Qxf6 gxf6 15. Ne2 Rb8 16. Rad1 c5 17. Ng3 Kf8 18. Be2 Ba5 19. b3 Be6 20. Nh5 Bc3 21. Nf4 Rb4 22. Nd3 Rb5 23. Nf4 Ra5 24. a4 c4 25. bxc4 d4 26. Rb1 Rxa4 27. Nxe6+ fxe6 28. Rb7 Re7 29. Rfb1 Rxb7 30. Rxb7 Bb4 31. g3 a5 32. Kg2 Ra1 33. Bd3 f5 34. g4 fxg4 35. hxg4 Be7 36. Rb5 a4 37. c5 Ra3 38. Ra5 e5 39. Ra8+ Kg7 40. c6 Rc3 41. Ra7 Kf6 42. Rxa4 Rxc6 43. Ra6 1/2-1/2

[Event "Mindsports Open 4th"]
[Site "London"]
[Date "2024.07.22"]
[Round "7.2"]
[White "Janik, Igor"]
[Black "Large, Peter G"]
[Result "1/2-1/2"]
[WhiteElo "2511"]
[BlackElo "2311"]
[PlyCount "39"]
[EventDate "2024.07.18"]
[EventType "swiss"]
[EventRounds "9"]
[EventCountry "ENG"]
[SourceTitle "BritBase"]
[Source "John Saunders"]
[SourceDate "2024.08.27"]
[SourceVersion "1"]
[SourceVersionDate "2024.08.27"]
[SourceQuality "1"]

1. g3 d5 2. Nf3 Nf6 3. Bg2 Bg4 4. c4 c6 5. Ne5 Bf5 6. cxd5 cxd5 7. Nc3 Nbd7 8. Qa4 e6 9. g4 Bc2 10. Qxc2 Nxe5 11. g5 Nfd7 12. d4 Nc6 13. Qd1 Qb6 14. e3 Be7 15. h4 h6 16. g6 f5 17. Ne2 Bd6 18. f4 Nf6 19. Bd2 h5 20. Bf3 1/2-1/2

[Event "Mindsports Open 4th"]
[Site "London"]
[Date "2024.07.22"]
[Round "7.3"]
[White "Teclaf, Pawel"]
[Black "Sowray, Peter J"]
[Result "1-0"]
[WhiteElo "2559"]
[BlackElo "2194"]
[PlyCount "101"]
[EventDate "2024.07.18"]
[EventType "swiss"]
[EventRounds "9"]
[EventCountry "ENG"]
[SourceTitle "BritBase"]
[Source "John Saunders"]
[SourceDate "2024.08.27"]
[SourceVersion "1"]
[SourceVersionDate "2024.08.27"]
[SourceQuality "1"]

1. Nf3 Nf6 2. c4 g6 3. g3 Bg7 4. Bg2 O-O 5. Nc3 d6 6. O-O c5 7. d4 Nc6 8. e3 Bg4 9. h3 Bxf3 10. Bxf3 cxd4 11. exd4 Qb6 12. d5 Ne5 13. Be2 Rac8 14. b3 a6 15. Be3 Qa5 16. Bd2 Qc7 17. Rc1 Rfe8 18. Re1 e6 19. dxe6 fxe6 20. Bf1 Rcd8 21. Bg5 Qa5 22. Bg2 Nf7 23. Bd2 Qc7 24. Qc2 Rc8 25. Ne4 Nxe4 26. Qxe4 Ne5 27. Bf4 b6 28. Rcd1 Rcd8 29. Qb7 Qxb7 30. Bxb7 a5 31. Bg2 Bf8 32. Be3 Rb8 33. Bd4 Bg7 34. h4 Re7 35. Be3 Nf7 36. Re2 Bc3 37. a3 b5 38. c5 dxc5 39. Bxc5 Rc7 40. b4 axb4 41. axb4 e5 42. Bd5 Rd7 43. Re3 Bd4 44. Be6 Rdb7 45. Bxd4 exd4 46. Rxd4 Kg7 47. Rd5 Rc7 48. Rf3 Nd8 49. Bd7 Rc4 50. Rb3 Rb7 51. Bxb5 1-0

[Event "Mindsports Open 4th"]
[Site "London"]
[Date "2024.07.22"]
[Round "7.4"]
[White "Johnson, Daniel"]
[Black "Lemos, Damian"]
[Result "0-1"]
[WhiteElo "2126"]
[BlackElo "2479"]
[PlyCount "64"]
[EventDate "2024.07.18"]
[EventType "swiss"]
[EventRounds "9"]
[EventCountry "ENG"]
[SourceTitle "BritBase"]
[Source "John Saunders"]
[SourceDate "2024.08.27"]
[SourceVersion "1"]
[SourceVersionDate "2024.08.27"]
[SourceQuality "1"]

1. d4 Nf6 2. c4 c5 3. d5 g6 4. Nc3 Bg7 5. e4 d6 6. Nge2 O-O 7. f3 a6 8. a4 h5 9. Bg5 Nbd7 10. Qd2 Ne5 11. Nc1 Nh7 12. Be3 e6 13. Be2 exd5 14. cxd5 Qh4+ 15. Bf2 Qe7 16. O-O f5 17. exf5 Bxf5 18. a5 Rae8 19. Ra4 Qd7 20. b3 g5 21. Ne4 g4 22. Ng5 Nxg5 23. Qxg5 gxf3 24. gxf3 Bh3 25. Rd1 Nxf3+ 26. Bxf3 Rxf3 27. Qxh5 Rf5 28. Qh4 Bf6 29. Qh6 Rg5+ 30. Bg3 Qf5 31. Rf4 Qxf4 32. Qxh3 Bd4+ 0-1

[Event "Mindsports Open 4th"]
[Site "London"]
[Date "2024.07.22"]
[Round "7.5"]
[White "Balaji, Aaravamudhan"]
[Black "Golding, Alex"]
[Result "1/2-1/2"]
[WhiteElo "2316"]
[BlackElo "2296"]
[PlyCount "93"]
[EventDate "2024.07.18"]
[EventType "swiss"]
[EventRounds "9"]
[EventCountry "ENG"]
[SourceTitle "BritBase"]
[Source "John Saunders"]
[SourceDate "2024.08.27"]
[SourceVersion "1"]
[SourceVersionDate "2024.08.27"]
[SourceQuality "1"]

1. d4 Nf6 2. c4 e6 3. Nc3 Bb4 4. e3 b6 5. Nge2 O-O 6. a3 Bxc3+ 7. Nxc3 d5 8. Be2 dxc4 9. Bxc4 Ba6 10. Qe2 Bxc4 11. Qxc4 a6 12. O-O b5 13. Qa2 Nc6 14. Rd1 Qe7 15. e4 e5 16. d5 Nd4 17. f3 a5 18. Bg5 h6 19. Bh4 a4 20. d6 Qxd6 21. Nxb5 Nxf3+ 22. gxf3 Qb6+ 23. Kh1 Qxb5 24. Bxf6 gxf6 25. Qd5 Qxd5 26. Rxd5 Rfd8 27. Rad1 Rxd5 28. Rxd5 Rb8 29. Rd2 Kg7 30. Rg2+ Kh7 31. Rc2 Rb7 32. Kg2 Kg6 33. Kg3 f5 34. exf5+ Kxf5 35. Rc4 Rxb2 36. Rxc7 Rb3 37. Rxf7+ Kg6 38. Ra7 Rxa3 39. Ra6+ Kf5 40. Rxh6 e4 41. Rh5+ Ke6 42. Ra5 Rxf3+ 43. Kg4 Rf8 44. Rxa4 Ke5 45. Ra5+ Kd4 46. Ra4+ Kd3 47. Ra3+ 1/2-1/2

[Event "Mindsports Open 4th"]
[Site "London"]
[Date "2024.07.22"]
[Round "7.6"]
[White "Badacsonyi, Stanley"]
[Black "Fernandez, Daniel Howard"]
[Result "0-1"]
[WhiteElo "2178"]
[BlackElo "2525"]
[PlyCount "96"]
[EventDate "2024.07.18"]
[EventType "swiss"]
[EventRounds "9"]
[EventCountry "ENG"]
[SourceTitle "BritBase"]
[Source "John Saunders"]
[SourceDate "2024.08.27"]
[SourceVersion "1"]
[SourceVersionDate "2024.08.27"]
[SourceQuality "1"]

1. d4 Nf6 2. Nc3 g6 3. e4 d5 4. e5 Nh5 5. Be3 Ng7 6. f4 h5 7. g3 c6 8. Nf3 Qb6 9. Rb1 Bg4 10. Be2 e6 11. Qd2 Nd7 12. h3 Bxf3 13. Bxf3 c5 14. Ne2 Nf5 15. Bf2 cxd4 16. Nxd4 Bc5 17. c3 Nxd4 18. Bxd4 Rc8 19. Be2 Rc7 20. Kf2 Nb8 21. b4 Bxd4+ 22. cxd4 Ke7 23. Rhc1 Rhc8 24. Rxc7+ Qxc7 25. b5 Qc2 26. Qb4+ Ke8 27. Rb2 Qf5 28. h4 Nd7 29. Qd2 Nb6 30. Bd3 Qh3 31. Rc2 Qh2+ 32. Kf3 Qxd2 33. Rxd2 Rc3 34. Ke2 Kd8 35. Rb2 Ra3 36. Rc2 Nc8 37. Rd2 Ne7 38. Kf2 Kc7 39. Bb1 Kb6 40. Rb2 Rc3 41. Bc2 Nf5 42. Bxf5 gxf5 43. Kg2 Ka5 44. Kh3 b6 45. Kg2 Ka4 46. Kh3 Rc4 47. Kg2 Rxd4 48. Rc2 Rc4 0-1

[Event "Mindsports Open 4th"]
[Site "London"]
[Date "2024.07.22"]
[Round "7.7"]
[White "Czopor, Maciej"]
[Black "Verma, Shlok"]
[Result "1-0"]
[WhiteElo "2361"]
[BlackElo "2102"]
[PlyCount "51"]
[EventDate "2024.07.18"]
[EventType "swiss"]
[EventRounds "9"]
[EventCountry "ENG"]
[SourceTitle "BritBase"]
[Source "John Saunders"]
[SourceDate "2024.08.27"]
[SourceVersion "1"]
[SourceVersionDate "2024.08.27"]
[SourceQuality "1"]

1. e4 e6 2. d4 d5 3. Nc3 dxe4 4. Nxe4 Bd7 5. Nf3 Bc6 6. Bd3 Nd7 7. O-O Ngf6 8. Ng3 Be7 9. b3 O-O 10. Bb2 b6 11. Re1 Bb7 12. c4 c5 13. d5 exd5 14. cxd5 Bxd5 15. Nf5 Re8 16. Nxg7 Kxg7 17. Nh4 Be6 18. Qh5 Nf8 19. Qg5+ Ng6 20. Nxg6 hxg6 21. Rxe6 fxe6 22. Qxg6+ Kf8 23. Qh6+ Kg8 24. Bh7+ Kf7 25. Qg6+ Kf8 26. Bg8 1-0

[Event "Mindsports Open 4th"]
[Site "London"]
[Date "2024.07.22"]
[Round "7.8"]
[White "Antolak, Julia"]
[Black "Ogunshola, Ben"]
[Result "1/2-1/2"]
[WhiteElo "2333"]
[BlackElo "2043"]
[PlyCount "49"]
[EventDate "2024.07.18"]
[EventType "swiss"]
[EventRounds "9"]
[EventCountry "ENG"]
[SourceTitle "BritBase"]
[Source "John Saunders"]
[SourceDate "2024.08.27"]
[SourceVersion "1"]
[SourceVersionDate "2024.08.27"]
[SourceQuality "1"]

1. e4 d6 2. d4 Nf6 3. Nc3 g6 4. Be3 c6 5. a4 a5 6. f3 Nbd7 7. Bc4 d5 8. Bb3 dxe4 9. fxe4 e5 10. dxe5 Nxe5 11. Qxd8+ Kxd8 12. O-O-O+ Ke8 13. Bd4 Nfd7 14. Nf3 f6 15. Rhf1 Bh6+ 16. Kb1 Rf8 17. Ne2 b6 18. Be6 Ba6 19. Rfe1 Rd8 20. Nc3 Ke7 21. Bh3 Bf4 22. Ne2 Nxf3 23. gxf3 Bxe2 24. Rxe2 c5 25. Be3 1/2-1/2

[Event "Mindsports Open 4th"]
[Site "London"]
[Date "2024.07.22"]
[Round "7.9"]
[White "Dignam, Matthew"]
[Black "Buckley, Graeme N"]
[Result "1/2-1/2"]
[WhiteElo "2104"]
[BlackElo "2311"]
[PlyCount "91"]
[EventDate "2024.07.18"]
[EventType "swiss"]
[EventRounds "9"]
[EventCountry "ENG"]
[SourceTitle "BritBase"]
[Source "John Saunders"]
[SourceDate "2024.08.27"]
[SourceVersion "1"]
[SourceVersionDate "2024.08.27"]
[SourceQuality "1"]

1. d4 Nf6 2. Nf3 e6 3. g3 b5 4. Bg2 Bb7 5. O-O c5 6. Bg5 cxd4 7. Bxf6 Qxf6 8. Nxd4 Bxg2 9. Kxg2 a6 10. c3 Bc5 11. Nd2 d5 12. N4b3 Bb6 13. e4 O-O 14. exd5 exd5 15. Qf3 Qd6 16. Rfd1 Nc6 17. Nf1 Rad8 18. Ne3 Bxe3 19. Qxe3 Rfe8 20. Qc5 Qg6 21. Re1 Ne5 22. Qe3 f6 23. Rad1 Nc4 24. Qc1 Re5 25. Nd4 Rde8 26. Nf3 Re4 27. Nd2 Re2 28. Rxe2 Rxe2 29. Nxc4 Qe4+ 30. Kg1 bxc4 31. a3 g5 32. Qb1 Qf3 33. Rf1 Kg7 34. Qd1 h5 35. Qa4 Qf5 36. Qxa6 h4 37. Qb7+ Kg6 38. Qb8 Qe6 39. a4 h3 40. a5 Re1 41. Qh8 Re2 42. a6 Qxa6 43. Qg8+ Kh6 44. Qh8+ Kg6 45. Qg8+ Kh6 46. Qh8+ 1/2-1/2

[Event "Mindsports Open 4th"]
[Site "London"]
[Date "2024.07.22"]
[Round "7.10"]
[White "Payne, Matthew J"]
[Black "Lim, Zhuo Ren"]
[Result "0-1"]
[WhiteElo "2067"]
[BlackElo "2251"]
[PlyCount "64"]
[EventDate "2024.07.18"]
[EventType "swiss"]
[EventRounds "9"]
[EventCountry "ENG"]
[SourceTitle "BritBase"]
[Source "John Saunders"]
[SourceDate "2024.08.27"]
[SourceVersion "1"]
[SourceVersionDate "2024.08.27"]
[SourceQuality "1"]

1. e4 c5 2. Nf3 d6 3. d4 cxd4 4. Nxd4 Nf6 5. Nc3 a6 6. h3 e5 7. Nf3 Qc7 8. g4 h6 9. Rg1 Be6 10. g5 hxg5 11. Nxg5 Nbd7 12. Be3 Rc8 13. a4 Nb6 14. a5 Nc4 15. Bxc4 Bxc4 16. Qf3 Be7 17. Bb6 Qd7 18. O-O-O Nh5 19. b3 Bxb3 20. cxb3 f6 21. h4 Nf4 22. Kb2 Rxh4 23. Rh1 fxg5 24. Rxh4 gxh4 25. Ne2 Qh3 26. Qxh3 Nxh3 27. Be3 g5 28. Ng1 Nxg1 29. Rxg1 Kf7 30. f3 Kg6 31. f4 exf4 32. Bxf4 Kh5 0-1

[Event "Mindsports Open 4th"]
[Site "London"]
[Date "2024.07.22"]
[Round "7.11"]
[White "Navrotescu, Andreea"]
[Black "Kovalskyi, Roman"]
[Result "1-0"]
[WhiteElo "2246"]
[BlackElo "1989"]
[PlyCount "131"]
[EventDate "2024.07.18"]
[EventType "swiss"]
[EventRounds "9"]
[EventCountry "ENG"]
[SourceTitle "BritBase"]
[Source "John Saunders"]
[SourceDate "2024.08.27"]
[SourceVersion "1"]
[SourceVersionDate "2024.08.27"]
[SourceQuality "1"]

1. c4 e5 2. Nc3 Nf6 3. Nf3 Nc6 4. e3 Be7 5. d4 exd4 6. Nxd4 O-O 7. Nc2 d6 8. Be2 Be6 9. e4 Nd7 10. O-O Bf6 11. Nd5 Bxd5 12. cxd5 Nce5 13. f4 Ng6 14. g3 Re8 15. Bf3 Nc5 16. Re1 Qd7 17. Nd4 Qa4 18. Qxa4 Nxa4 19. Nb5 Re7 20. Rb1 a6 21. Na3 b5 22. Re2 Nc5 23. e5 Rae8 24. Be3 Na4 25. e6 fxe6 26. dxe6 c5 27. Rd2 Rd8 28. Rbd1 Bxb2 29. Bxc5 Nxc5 30. Rxb2 Kf8 31. Bg2 Rc7 32. Rbd2 Ke7 33. Nc2 Kxe6 34. f5+ Kxf5 35. Nd4+ Kg5 36. h4+ Kg4 37. Kh2 Ne5 38. Rf2 h6 39. Rf5 g5 40. Rxe5 Rf8 41. Bh3+ Kh5 42. Rd5 Rf2+ 43. Kg1 Rxa2 44. Nf5 Ne4 45. g4+ Kg6 46. h5+ Kh7 47. Bg2 Nc3 48. R5d2 Rxd2 49. Rxd2 d5 50. Bxd5 Nxd5 51. Rxd5 Rc6 52. Rd7+ Kh8 53. Rb7 a5 54. Rxb5 Ra6 55. Rb3 Re6 56. Kf2 a4 57. Rb5 Kh7 58. Rb7+ Kh8 59. Ra7 Re4 60. Nxh6 a3 61. Rxa3 Re8 62. Nf7+ Kg7 63. Nxg5 Kf6 64. Nf3 Rb8 65. Ra1 Kg7 66. g5 1-0

[Event "Mindsports Open 4th"]
[Site "London"]
[Date "2024.07.22"]
[Round "7.12"]
[White "Cancedda-Dupuis, Livio"]
[Black "Rudd, Jack"]
[Result "0-1"]
[WhiteElo "2041"]
[BlackElo "2243"]
[PlyCount "84"]
[EventDate "2024.07.18"]
[EventType "swiss"]
[EventRounds "9"]
[EventCountry "ENG"]
[SourceTitle "BritBase"]
[Source "John Saunders"]
[SourceDate "2024.08.27"]
[SourceVersion "1"]
[SourceVersionDate "2024.08.27"]
[SourceQuality "1"]

1. e4 c6 2. d4 d5 3. exd5 cxd5 4. c4 Nf6 5. Nc3 Nc6 6. cxd5 Nxd5 7. Nf3 g6 8. Bc4 Nb6 9. Bb3 Bg7 10. Be3 O-O 11. O-O Na5 12. Bc2 Nac4 13. Qe2 Bg4 14. h3 Bxf3 15. Qxf3 Nxb2 16. Bb3 Rc8 17. Ne2 Qd7 18. Rac1 N2c4 19. Rc2 e6 20. Rfc1 Na5 21. Nf4 Nxb3 22. axb3 Rxc2 23. Rxc2 Rc8 24. Rc5 Rxc5 25. dxc5 Nc8 26. b4 Ne7 27. g4 a6 28. Qe4 Qd1+ 29. Kh2 Nc6 30. Nxe6 fxe6 31. Qxe6+ Kf8 32. Qc8+ Qd8 33. Qe6 Qc7+ 34. Kg1 Nxb4 35. Qc4 Nc6 36. Bf4 Qf7 37. Qe4 Bd4 38. Bd6+ Kg8 39. Qe2 a5 40. Kg2 a4 41. f4 a3 42. Qc2 a2 0-1

[Event "Mindsports Open 4th"]
[Site "London"]
[Date "2024.07.22"]
[Round "7.14"]
[White "Khoury, Theo"]
[Black "Kalavannan, Koby"]
[Result "0-1"]
[WhiteElo "2113"]
[BlackElo "2265"]
[PlyCount "96"]
[EventDate "2024.07.18"]
[EventType "swiss"]
[EventRounds "9"]
[EventCountry "ENG"]
[SourceTitle "BritBase"]
[Source "John Saunders"]
[SourceDate "2024.08.27"]
[SourceVersion "1"]
[SourceVersionDate "2024.08.27"]
[SourceQuality "1"]

1. e4 c5 2. Nf3 Nc6 3. d4 cxd4 4. Nxd4 Qb6 5. Nb3 Nf6 6. Bd3 d5 7. exd5 Nxd5 8. O-O Be6 9. c4 Ndb4 10. Be3 Qd8 11. Be4 Bxc4 12. Re1 Bd5 13. Nc3 Bxe4 14. Nxe4 Qxd1 15. Rexd1 e6 16. a3 Nd5 17. Rac1 Be7 18. Nbc5 O-O-O 19. Bg5 Rhe8 20. Rd3 h6 21. Bxe7 Rxe7 22. Nc3 Nxc3 23. Rcxc3 Rc7 24. b4 Rxd3 25. Rxd3 b6 26. Nb3 Rd7 27. Rxd7 Kxd7 28. Kf1 Ne5 29. Ke2 Kc6 30. f4 Nc4 31. Nd4+ Kd5 32. Nb5 a6 33. Nc7+ Kc6 34. Nxa6 Nxa3 35. Nb8+ Kc7 36. Na6+ Kb7 37. b5 Nxb5 38. Nb4 Nc3+ 39. Kd2 Nd5 40. Nd3 Kc7 41. g3 Kd6 42. Ne5 f6 43. Nc4+ Kc5 44. Kd3 b5 45. Nd2 Kb4 46. Ne4 Ka3 47. Nc5 b4 48. Kc2 Ka2 0-1

[Event "Mindsports Open 4th"]
[Site "London"]
[Date "2024.07.22"]
[Round "7.15"]
[White "Sim, Jia Ru"]
[Black "Fitzsimons, David"]
[Result "1-0"]
[WhiteElo "2077"]
[BlackElo "2320"]
[PlyCount "81"]
[EventDate "2024.07.18"]
[EventType "swiss"]
[EventRounds "9"]
[EventCountry "ENG"]
[SourceTitle "BritBase"]
[Source "John Saunders"]
[SourceDate "2024.08.27"]
[SourceVersion "1"]
[SourceVersionDate "2024.08.27"]
[SourceQuality "1"]

1. e4 c5 2. Nf3 a6 3. c3 d5 4. exd5 Qxd5 5. d4 Nf6 6. Be2 e6 7. Be3 cxd4 8. Qxd4 Nc6 9. Qb6 Ng4 10. c4 Qd6 11. Nd4 Nxd4 12. Bxd4 e5 13. Bc5 Qf6 14. O-O Qxb6 15. Bxb6 Nf6 16. Nc3 Be6 17. Rfd1 Nd7 18. Be3 O-O-O 19. Ne4 h6 20. c5 f5 21. Nd6+ Kc7 22. Rac1 Nb8 23. b4 f4 24. b5 axb5 25. Nxb5+ Kc8 26. Na7+ Kc7 27. Bd2 Nc6 28. Nxc6 Kxc6 29. Bf3+ Bd5 30. Ba5 Rd7 31. Rxd5 Rxd5 32. Bb6 g5 33. Rd1 Bxc5 34. Bxc5 Rhd8 35. Rxd5 Rxd5 36. Bf8 h5 37. h3 g4 38. hxg4 hxg4 39. Be4 b6 40. f3 g3 41. a4 1-0

[Event "Mindsports Open 4th"]
[Site "London"]
[Date "2024.07.22"]
[Round "7.16"]
[White "Bharat Kumar, Balahari"]
[Black "Merriman, John"]
[Result "0-1"]
[WhiteElo "1989"]
[BlackElo "2251"]
[PlyCount "50"]
[EventDate "2024.07.18"]
[EventType "swiss"]
[EventRounds "9"]
[EventCountry "ENG"]
[SourceTitle "BritBase"]
[Source "John Saunders"]
[SourceDate "2024.08.27"]
[SourceVersion "1"]
[SourceVersionDate "2024.08.27"]
[SourceQuality "1"]

1. e4 e6 2. d4 d5 3. Bd3 dxe4 4. Bxe4 Nf6 5. Bf3 Nbd7 6. Ne2 Bd6 7. O-O O-O 8. Nbc3 e5 9. Be3 Re8 10. Ng3 c6 11. Re1 Qc7 12. Nce4 Nxe4 13. Nxe4 Bf8 14. g4 exd4 15. Bxd4 Ne5 16. g5 Bf5 17. Bh5 Rad8 18. Ng3 Bg6 19. f4 Bxh5 20. Qxh5 Rxd4 21. fxe5 Rxe5 22. Rxe5 Qxe5 23. Rf1 Rf4 24. Rxf4 Qxf4 25. h4 Qxg3+ 0-1